Statistics for Chicago "L" Stations on a Map

Click here to take the quiz!

General Stats

  • This quiz has been taken 295 times
  • The average score is 101 of 189

Answers on the Map

Answers color-coded by a green-red scale on the quiz's map according to % correct below.
 

Answer Stats

Answer% Correct
O'Hare
92%
State / lake
88%
State / Lake
88%
Clark / Lake
87%
Harlem / Lake
86%
Lake
80%
Midway
80%
Washington / Wabash
78%
Clark/Division
74%
Washington / Wells
74%
Adams / Wabash
71%
Addison
69%
Howard
69%
Washington
69%
95th/Dan Ryan
68%
Chicago
66%
54th/Cermak
62%
LaSalle / Van Buren
61%
Belmont
60%
Ashland / 63rd
59%
Harlem
59%
Randolph / Wabash
59%
Cicero
58%
Jackson
58%
Monroe
58%
North/Clybourn
58%
35th/Archer
57%
Fullerton
57%
Kedzie
57%
Grand
56%
LaSalle
56%
Pulaski
56%
Roosevelt
56%
Western
56%
California
55%
Ashland
53%
Division
53%
Garfield
53%
Forest Park
52%
Rosemont
52%
Damen
51%
Oak Park
51%
Central
50%
Harold Washington Library-
State / Van Buren
50%
Irving Park
50%
Kimball
50%
63rd
49%
Linden
48%
Wilson
48%
79th
47%
Bryn Mawr
46%
Clinton
46%
Montrose
46%
47th
45%
Diversey
45%
Jefferson Park
45%
Loyola
45%
69th
44%
87th
44%
Dempster
44%
Halsted
44%
Harrison
44%
Logan Square
44%
Merchandise Mart
44%
Armitage
42%
Austin
42%
Quincy
42%
Sedgwick
42%
Argyle
41%
Cottage Grove
41%
Cumberland
41%
Sheridan
41%
Cermak-Chinatown
40%
Davis
40%
Wellington
40%
51st
39%
Dempster Skokie
39%
Foster
39%
Jarvis
39%
Lawrence
39%
18th
38%
43rd
38%
Berwyn
38%
Main
38%
Paulina
38%
Polk
38%
Sox-35th
38%
Oakton - Skokie
37%
Racine
37%
Morgan
36%
Morse
36%
Southport
36%
Granville
35%
Illinois Medical District
35%
King Drive
35%
Noyes
35%
UIC-Halsted
35%
Indiana
34%
Thorndale
33%
Central Park
32%
Francisco
32%
Rockwell
31%
Kedzie-Homan
30%
Laramie
29%
South Boulevard
29%
Cermak-McCormick Place
28%
Kostner
28%
Ridgeland
26%
35th Bronzeville IIT
25%
Conservatory–
Central Park Drive
21%

Score Distribution

Percentile by Number Answered

Percent of People with Each Score

Your Score History

You have not taken this quiz